000 00580nam a2200253 a 4500
001 nice12345678
003 IN_TiNIC
005 20260116011436.0
008 050524s1940 sika grp 000 0 eng
020 _a
_c100
082 0 0 _a275.4
_bMCB
100 _aMcbridge,
245 _aSikandra 1840-1940
260 _aSikandra
_bSikandra Press
_c1940
300 _a227p
500 _aincludes index and biblioraphy
505 2 _aIndex
650 _aChristianity-India
650 _aSikandar
700 1 _aMcbridge,
902 _bSRS
942 _cBK
999 _c1565
_d1565